| 000 | 00523nam a2200169 a 4500 | ||
|---|---|---|---|
| 001 | 000040028 | ||
| 005 | 20201002033856.0 | ||
| 008 | 130802r1966 ag r 000 0 spa d | ||
| 040 |
_aDO-SdBNP _bspa _cBNPHU |
||
| 082 |
_axxxx _bxxxx |
||
| 100 | 1 |
_aRosarios, Ottocar _966269 |
|
| 245 | 1 | 0 |
_aAmérica Latina : _bVeinte repúblicas, una nación / _cOttocar Rosarios. |
| 260 |
_aBuenos Aires : _bEmecé, _c1966. |
||
| 300 |
_a278 p. ; _c18 cm. |
||
| 500 | _aIncluye notas al pie de las páginas | ||
| 590 | _aInventariado, 2019/BT | ||
| 999 |
_c39518 _d39518 |
||